00618nam a2200181Ia 4500001002500000003000900025008004100034040002300075041001300098100001200111245006500123250001500188260004500203300002700248490001000275501012400285700002700409920.945-DIZ bi it (8050)IT-MiSPE171229s9999||||xx |||||||||||||| ||und|| aIT-MiSPEcIT-MiSPE aITALIANO aAA.VV.  0aDizionario biografico degli italianib14. Branchi - Buffetti a1a ed. (v) aRomabIst. Enc. It. Treccanic(st.) 1972 aXV, 814 p. [v.]c25 cm v 14° aEdizioni San Paolo srl - Piazza Soncino, 5 - 20092 CINISELLO BALSAMO (MI) (non commercial uses only) ® Copyright 2018 aAlberto M. Ghisalberti